| 000 | 00961nam a22002177a 4500 | ||
|---|---|---|---|
| 999 |
_c22141 _d22141 |
||
| 003 | AR-CdUCM | ||
| 008 | 190429b ||||| |||| 00| 0 spa d | ||
| 040 |
_aMUNICIPALIDAD PROVINCIAL DEL CUSCO _cBIBLIOTECA MUNICIPAL DEL CUSCO |
||
| 082 | _aPulso/N°4/1986 | ||
| 245 |
_aPulso : _bRevista cusqueña de actualidad y crítica / _cLeonel Guzmán, Director |
||
| 260 |
_aCusco. _bAndina, _c1986. |
||
| 300 |
_a21 páginas. : _c25 cm. |
||
| 440 |
_aPulso. _nAño I, N°4, octubre 1986. _947527 |
||
| 505 | _aContenido: Hervidores de candidatos. -- Nuevo Alcalde de Cusco. -- El PAIT hace obra. -- Ferrocarril obsoleto. -- Conseguir empleo. -- El pincel universal de Antonio Huillca. -- Carretera a Nazca. -- El tallado en piedra Víctor Ttito Atayupanqui. | ||
| 650 |
_aPolítica cusqueña _947381 |
||
| 650 |
_aSociedad cusqueña _947493 |
||
| 650 |
_aSiglo XX _947526 |
||
| 700 |
_aGuzmán Calderón, Leonel _eDirector _92855 |
||
| 942 |
_2ddc _cPP |
||
| 945 | _arac | ||